| 000 | 00000nam 2200000za 4500 |
| 001 | 9.806886 |
| 003 | CaOODSP |
| 005 | 20221107140013 |
| 007 | cr ||||||||||| |
| 008 | 151202s2009 onc |o f|0| 0 fre d |
| 040 | |aCaOODSP|bfre |
| 043 | |an-cn--- |
| 086 | 1 |aCH57-3/1-29-2009F-PDF |
| 100 | 1 |aStrang, Tom. |
| 245 | 13|aLa lutte contre les ravageurs des biens culturels |h[ressource électronique] / |cpar Tom Strang et Rika Kigawa. |
| 260 | |aOttawa : |bInstitut canadien de conservation, Ministère du Patrimoine canadien, |cc2009. |
| 300 | |ai, 48 p. : |bill., tableaux, photos, graphiques. |
| 490 | 1 |aBulletin technique (Canadian Conservation Institute) ; |v29 |
| 500 | |aPubli. aussi en anglais sous le titre : Combatting pests of cultural property. |
| 500 | |aLe n° de catalogue (CH57-3/1-29-2009F) et l’ISBN (978-0-660-97336-4) de l'édition imprimée ont été copiés dans l’édition électronique. |
| 504 | |aComprend des réf. bibliogr. |
| 692 | 07|2gccst|aOrganisme nuisible |
| 692 | 07|2gccst|aPatrimoine culturel |
| 692 | 07|2gccst|aConservation |
| 700 | 1 |aKigawa, Rika. |
| 710 | 1 |aCanada. |bPatrimoine canadien. |
| 775 | 08|tCombatting pests of cultural property |w(CaOODSP)9.806873 |
| 776 | 0#|tLa lutte contre les ravageurs des biens culturels |w(CaOODSP)9.628170 |
| 830 | #0|aBulletin technique (Institut canadien de conservation)|vNo. 29|w(CaOODSP)9.806396 |
| 856 | 40|qPDF|s5.30 Mo|uhttps://publications.gc.ca/collections/collection_2015/pc-ch/CH57-3-1-29-2009-fra.pdf |